00222nam a22000977a 4500003000400000082001600004100002000020245005200040260002400092300000800116SGT a618.2bS13N aNAGRATH , ARJUN aSINGLE SURGICAL PROCEDURES IN OBST. AND GYNA-31 aINDIAbJAYPEEc2013 a130